| 000 | 00500nam a22001457a 4500 | ||
|---|---|---|---|
| 003 | OSt | ||
| 005 | 20150905112144.0 | ||
| 008 | 150905b xxu||||| |||| 00| 0 eng d | ||
| 040 | _cRUA | ||
| 082 | _aAGR សាត់ 1992 B003 Or.1 | ||
| 100 |
_917 _aសាត់់ សុនេត្រា |
||
| 245 | _aបរិសាទាន នៃការសិក្សាដំណាំសណ្ដែកសៀងនៅប្រទេសកម្ពុជា | ||
| 300 |
_a51p. _bill. _c29cm. |
||
| 942 |
_2ddc _cAGR |
||
| 999 |
_c15 _d15 |
||